00411nam a2200157Ia 4500003000400000008004100004020001500045040001600060082001800076100001800094245004000112260005100152300002100203650001300224650001600237GCL140319s9999 xx 000 0 eng d a1581802641 aGCL / cGCL04a759.0113bW P1 aWELLFORD, LIN10aPAINTING ON ROCKS / cWELLFORD, LIN aنيويورك : bNORTH LIGHT BOOKS ، c2001 a32 CM ؛ c221 P04aPAINTING04aROCK IN ART